000 00312nam a22001457a 4500
008 230703b ||||| |||| 00| 0 eng d
020 _a9780674563255
041 _aeng
080 _a61
082 _a61GIN
100 _a4
101 _aMJKP
245 _aTHE MEDICAL TRIANGLE
_cGINZBERG.E
942 _2udc
_cBK
999 _c60076
_d60076